[Event "Ch Hungary (juniors) (under 18)"]
[Site "masterchessopen.com Budapest (Hungary)"]
[Date "2010.06.29"]
[Round "4"]
[White "Fenyvesi Tamas (HUN)"]
[Black "Halak Miklos (HUN)"]
[Result "0-1"]
[WhiteElo "1806"]
[BlackElo "2109"]

1.d4 d5 2.c4 c6 3.Nf3 Nf6 4.Nc3 dxc4 5.a4 Bf5 6.e3 e6 7.Bxc4 Bb4 8.O-O O-O
9.Qe2 h6 10.e4 Bh7 11.Bd3 Nbd7 12.Bf4 Re8 13.h3 c5 14.Nb5 Ba5 15.Nd6 Rf8
16.Nxb7 Qb6 17.Nxa5 Qxa5 18.Bd6 Rfe8 19.Rfc1 cxd4 20.Nxd4 a6 21.Nc6 Qg5 22.a5
e5 23.Ra4 Qxc1+ {#R} 0-1

[Event "It (open)"]
[Site "masterchessopen.com Eforie Nord (Romania)"]
[Date "2010.07.03"]
[Round "11"]
[White "Elfert Aleksandr V (RUS)"]
[Black "Dan Silviu-Aurelian"]
[Result "0-1"]
[WhiteElo "2053"]
[BlackElo "1927"]

1.Nf3 Nf6 2.c4 c6 3.d4 d5 4.Nc3 dxc4 5.a4 Bf5 6.e3 e6 7.Bxc4 Bb4 8.O-O O-O
9.Qe2 Nbd7 10.Rd1 Bg4 11.Bd3 Qa5 12.h3 Bh5 13.e4 e5 14.g4 exd4 15.Nxd4 Bg6
16.Nb3 Qc7 17.f4 Bxc3 18.bxc3 Bxe4 19.Bxe4 Rfe8 20.Qd3 Nxe4 21.Qxd7 Qb6+
22.Nd4 Rad8 23.a5 Qa6 24.Qc7 Nxc3 25.Bb2 Nd5 26.Ne6 Nxc7 27.Rxd8 Rxd8 28.Nxc7
Qe2 {#R} 0-1

[Event "Ch Sweden (master's group)"]
[Site "masterchessopen.com Lund (Sweden)"]
[Date "2010.07.04"]
[Round "2"]
[White "Nizov Anton"]
[Black "Walinder Lars (SWE)"]
[Result "1-0"]
[WhiteElo "2035"]
[BlackElo "2145"]

1.d4 d5 2.c4 c6 3.Nf3 Nf6 4.Nc3 dxc4 5.a4 Bf5 6.e3 e6 7.Bxc4 Bb4 8.O-O O-O
9.Qe2 Bg6 10.Ne5 Nbd7 11.Nxg6 hxg6 12.Rd1 Qa5 13.e4 e5 14.d5 Rad8 15.dxc6 bxc6
16.Bg5 Nc5 17.Bxf6 gxf6 18.Qf3 Kg7 19.h4 Bxc3 20.Rxd8 Qxd8 21.bxc3 Rh8 22.g3
Qe7 23.a5 Nb7 24.a6 Nc5 25.Qe3 Rb8 26.Kg2 Rb6 27.h5 Ne6 28.Bxe6 Qxe6 29.hxg6
fxg6 30.Qxb6 {#r} 1-0

[Event "It (open)"]
[Site "masterchessopen.com Arvier (Italy)"]
[Date "2010.07.08"]
[Round "7"]
[White "Scalcione Michelangelo (ITA)"]
[Black "Marguerettaz Davy (ITA)"]
[Result "1-0"]
[WhiteElo "2346"]
[BlackElo "2116"]

1.Nf3 Nf6 2.c4 c6 3.Nc3 d5 4.d4 dxc4 5.a4 Bf5 6.e3 e6 7.Bxc4 Bb4 8.O-O O-O
9.Qe2 Ne4 10.Bd3 Nxc3 11.bxc3 Bxc3 12.Rb1 Qc8 13.Ba3 Rd8 14.Ng5 Qd7 15.Rfc1
Ba5 16.Rc5 Bc7 17.Rxf5 exf5 18.Bc4 g6 19.Bxf7+ Kg7 20.Be6 Bxh2+ 21.Kxh2 Qc7+
22.f4 Nd7 23.d5 h6 24.d6 Qa5 25.Qb2+ {#r} 1-0

[Event "It (open)"]
[Site "masterchessopen.com Geraardsbergen (Belgium)"]
[Date "2010.08.12"]
[Round "4"]
[White "Denayer Eric (BEL)"]
[Black "Ringoir Tanguy (BEL)"]
[Result "0-1"]
[WhiteElo "2216"]
[BlackElo "2379"]

1.Nf3 d5 2.d4 Nf6 3.c4 c6 4.Nc3 dxc4 5.a4 Bf5 6.e3 e6 7.Bxc4 Bb4 8.O-O O-O
9.Qe2 Bg4 10.Rd1 Qa5 11.Bd2 Nbd7 12.h3 Bxf3 13.Qxf3 e5 14.Bd3 Rad8 15.Bc2 Rfe8
16.Be1 exd4 17.exd4 Nb6 18.Qf5 Qxf5 19.Bxf5 Nc4 20.Ne4 Nxe4 21.Bxb4 Nxb2
22.Rab1 Nc4 23.f3 Ng3 24.Bd3 Rxd4 25.Be1 Ne3 {#R} 0-1

[Event "Ch France (open) (b)"]
[Site "masterchessopen.com Belfort (France)"]
[Date "2010.08.21"]
[Round "11"]
[White "Maruejols Claude (FRA)"]
[Black "Degardin Sylvain (FRA)"]
[Result "0-1"]
[WhiteElo "1990"]
[BlackElo "1917"]

1.d4 d5 2.c4 c6 3.Nc3 Nf6 4.Nf3 dxc4 5.a4 Bf5 6.e3 e6 7.Bxc4 Bb4 8.O-O O-O
9.Qe2 Nbd7 10.e4 Bg6 11.e5 Nd5 12.Bxd5 cxd5 13.Qe3 Rc8 14.Bd2 Be7 15.Rfc1 Qb6
16.Nd1 Nb8 17.Bc3 Nc6 18.a5 Qa6 19.Ne1 Qc4 20.Qd2 Qb3 21.h3 b5 22.axb6 axb6
23.Ra6 b5 24.Qe2 b4 25.Rb6 Nxd4 26.Qe3 Qc4 27.b3 Nxb3 28.Bxb4 Qxc1 29.Qxb3
Bxb4 30.Rxb4 Bc2 {#R} 0-1

[Event "It \"]
[Site "masterchessopen.com Kaunas (Lithuania)"]
[Date "2010.08.29"]
[Round "7"]
[White "Kaunas Kestutis (LTU)"]
[Black "Tikkanen Hans (SWE)"]
[Result "0-1"]
[WhiteElo "2253"]
[BlackElo "2507"]

1.d4 d5 2.c4 c6 3.Nf3 Nf6 4.Nc3 dxc4 5.a4 Bf5 6.e3 e6 7.Bxc4 Bb4 8.O-O O-O
9.Qe2 Bg4 10.Rd1 Nbd7 11.e4 Qe7 12.Na2 Ba5 13.h3 Bh5 14.e5 Nd5 15.g4 Bg6
16.Bg5 f6 17.exf6 gxf6 18.Bh6 Rfe8 19.Rac1 Bc7 20.Re1 N7b6 21.Bb3 Bf4 22.Bxf4
Nxf4 23.Qe3 Qc7 24.Nh4 Nbd5 25.Qf3 Nd3 26.Bxd5 Nxe1 27.Rxe1 exd5 28.Rxe8+ Rxe8
29.Nxg6 hxg6 30.Qxf6 Qf7 31.Qg5 Re2 32.Qh4 Qf3 {#R} 0-1

[Event "Memorial Rene Basarrate (cat.7)"]
[Site "masterchessopen.com Habana (Cuba)"]
[Date "2010.09.07"]
[Round "2"]
[White "Borges Mateos Juan (CUB)"]
[Black "Alarcon Rolando (CUB)"]
[Result "0-1"]
[WhiteElo "2472"]
[BlackElo "2388"]

1.d4 d5 2.Nf3 Nf6 3.c4 c6 4.Nc3 dxc4 5.a4 Bf5 6.e3 e6 7.Bxc4 Bb4 8.O-O O-O
9.Qe2 Bg6 10.Rd1 Nbd7 11.Bd2 Qe7 12.Be1 Bh5 13.Qc2 Bxf3 14.gxf3 e5 15.Be2 Rfe8
16.a5 exd4 17.Rxd4 Bc5 18.Rda4 Bb4 19.a6 b5 20.Rxb4 Qxb4 21.Nxb5 Qh4 22.Qxc6
Rac8 23.Qd6 Rc5 24.Kh1 Rg5 25.Bf1 Qh5 {#R} 0-1

[Event "Ch Serbia (team) (1 league)"]
[Site "masterchessopen.com Valjevo (Serbia)"]
[Date "2010.09.21"]
[Round "5"]
[White "Milanovic Slavisa (MNE)"]
[Black "Iotov Valentin (BUL)"]
[Result "0-1"]
[WhiteElo "2389"]
[BlackElo "2588"]

1.d4 d5 2.c4 c6 3.Nc3 Nf6 4.Nf3 dxc4 5.a4 Bf5 6.e3 e6 7.Bxc4 Bb4 8.O-O O-O
9.Qe2 Bg6 10.Rd1 Nbd7 11.Na2 Bd6 12.b4 Qe7 13.Bb2 Bh5 14.b5 c5 15.dxc5 Nxc5
16.Nc3 Rac8 17.e4 Be5 18.Rac1 Nfxe4 19.Nxe4 Bxb2 20.Qxb2 Nxe4 21.Be2 Qf6
22.Qxf6 gxf6 23.Kf1 b6 24.h3 Kg7 25.Rxc8 Rxc8 26.g4 Bg6 27.Rd7 Rc1+ 28.Kg2 Nc3
29.Nd4 e5 30.Nb3 Rc2 31.Bf1 Be4+ 32.Kg1 Bd5 {#R} 0-1

[Event "Cup Jose Carlos Ferreira (open)"]
[Site "masterchessopen.com Rio de Janeiro (Brazil)"]
[Date "2010.10.23"]
[Round "3"]
[White "Maia Marco Aurelio Ferreira (BRA)"]
[Black "Carvalho Romildo Dos Santos (BRA)"]
[Result "1-0"]
[WhiteElo "2124"]
[BlackElo "1921"]

1.d4 d5 2.c4 c6 3.Nf3 Nf6 4.Nc3 dxc4 5.a4 Bf5 6.e3 e6 7.Bxc4 Bb4 8.O-O O-O
9.Qe2 Bg6 10.Ne5 Nbd7 11.Nxg6 hxg6 12.Rd1 Qa5 13.Bd2 e5 14.dxe5 Nxe5 15.Bb3
Rad8 16.Be1 Qc7 17.h3 g5 18.Nb5 cxb5 19.Bxb4 Rxd1+ 20.Rxd1 Rd8 21.Rxd8+ Qxd8
22.Qxb5 Qc7 23.Bc3 Nfd7 24.Qd5 Qb6 25.a5 Qf6 26.Ba4 Qf5 27.Bxd7 {#r} 1-0

[Event "Ch Provincial (final)"]
[Site "masterchessopen.com Habana (Cuba)"]
[Date "2010.11.02"]
[Round "13"]
[White "Gil Suarez Jose Luis (CUB)"]
[Black "Gutierrez Delgado Yusuan Alfredo"]
[Result "1-0"]
[WhiteElo "2313"]
[BlackElo "2316"]

1.d4 d5 2.Nf3 Nf6 3.c4 c6 4.Nc3 dxc4 5.a4 Bf5 6.e3 e6 7.Bxc4 Bb4 8.O-O O-O
9.Qe2 Bg6 10.Ne5 Nbd7 11.Nxg6 hxg6 12.Rd1 Qa5 13.e4 e5 14.d5 Nb6 15.dxc6 Bxc3
16.cxb7 Rad8 17.Bxf7+ Kxf7 18.bxc3 Rxd1+ 19.Qxd1 Qxc3 20.Be3 Rd8 21.Qb1 Rb8
22.a5 Nbd7 23.a6 Nc5 24.Qa2+ Ke7 25.Rc1 Rd8 26.h3 {#r} 1-0

[Event "Czech League 2010/11 (2nd) (c)"]
[Site "masterchessopen.com Czech Republic"]
[Date "2010.11.21"]
[Round "3"]
[White "Stolba Milos (CZE)"]
[Black "Marsalek Zdenek (CZE)"]
[Result "0-1"]
[WhiteElo "2093"]
[BlackElo "2228"]

1.d4 Nf6 2.Nf3 d5 3.c4 c6 4.Nc3 dxc4 5.a4 Bf5 6.e3 e6 7.Bxc4 Bb4 8.O-O O-O
9.Qe2 Bg4 10.h3 Bh5 11.g4 Bg6 12.Ne5 Nbd7 13.f4 a5 14.Nxg6 hxg6 15.g5 Nh5
16.Qg4 c5 17.Ne2 cxd4 18.exd4 Nb6 19.Bxe6 fxe6 20.Qxe6+ Kh7 21.f5 Rxf5 22.Rxf5
gxf5 23.g6+ Kh8 24.Qxf5 Qd5 25.Qg4 Nf6 26.Qg3 Qh5 27.Nf4 Qd1+ 28.Kh2 Rc8
29.Ng2 Rxc1 30.Qb8+ Ng8 {#R} 0-1

[Event "Memorial Zamenhof (open)"]
[Site "masterchessopen.com Bialystok (Poland)"]
[Round "3"]
[White "Sieklucki Adam (POL)"]
[Black "Parol Pawel (POL)"]
[Result "1-0"]
[WhiteElo "1818"]
[BlackElo "1825"]

1.d4 d5 2.Nf3 Nf6 3.c4 c6 4.Nc3 dxc4 5.a4 Bf5 6.e3 e6 7.Bxc4 Bb4 8.O-O O-O
9.Qe2 Nbd7 10.e4 Bg6 11.Bd3 Bh5 12.e5 Nd5 13.Nxd5 cxd5 14.Qe3 Be7 15.Ng5 Bg6
16.Bxg6 hxg6 17.Qg3 Rc8 18.Qh4 Bxg5 19.Bxg5 Qb6 20.Ra3 Rc4 21.Rh3 f5 22.exf6
Nxf6 23.Bxf6 Rxf6 24.Qh8+ Kf7 25.Rh7 e5 26.Qxg7+ Ke6 27.Qxb7 {#r} 1-0

[Event "Ch India"]
[Site "masterchessopen.com New Delhi (India)"]
[Date "2010.12.17"]
[Round "8"]
[White "Arun Prasad S (IND)"]
[Black "Neelotpal Das (IND)"]
[Result "1-0"]
[WhiteElo "2535"]
[BlackElo "2454"]

1.d4 Nf6 2.c4 c6 3.Nf3 d5 4.Nc3 dxc4 5.a4 Bf5 6.e3 e6 7.Bxc4 Bb4 8.O-O O-O
9.Qe2 Bg6 10.Ne5 Nbd7 11.Nxg6 hxg6 12.Rd1 Qa5 13.Na2 Bd6 14.e4 Be7 15.b4 Qc7
16.e5 Nd5 17.Bd2 a6 18.Rac1 Qb6 19.a5 Qxd4 20.Bxd5 exd5 21.Bg5 Qxe5 22.Qxe5
Nxe5 23.Bxe7 Rfe8 24.Bc5 Re6 25.Nc3 Rae8 26.h3 g5 27.Bd4 Nd7 28.Na4 f6 29.Nc5
Nxc5 30.Bxc5 Kf7 31.Kf1 f5 32.Re1 {#r} 1-0

[Event "It \"]
[Site "masterchessopen.com Sofia (Bulgaria)"]
[Date "2011.01.08"]
[Round "2"]
[White "Kalchev Sava (BUL)"]
[Black "Galunova Tsveta (BUL)"]
[Result "0-1"]
[WhiteElo "1682"]
[BlackElo "2036"]

1.d4 d5 2.c4 c6 3.Nc3 Nf6 4.Nf3 dxc4 5.a4 Bf5 6.e3 e6 7.Bxc4 Bb4 8.O-O O-O
9.Qe2 Nbd7 10.e4 Bg6 11.Bg5 Qc7 12.Bd3 e5 13.Bxf6 gxf6 14.Rac1 Qa5 15.dxe5
Nxe5 16.Nxe5 fxe5 17.h4 Rad8 18.Rfd1 h5 19.g4 hxg4 20.Qxg4 Kh8 21.Qg5 Rg8
22.Kh2 Bf8 23.Bb1 Rxd1 24.Rxd1 Qc5 25.Rd2 Qe7 26.Qg4 Bh7 27.Qh3 Bh6 28.Rd7 Qf6
{#R} 0-1

[Event "Ch Bulgaria (1/2 final)"]
[Site "masterchessopen.com Plovdiv (Bulgaria)"]
[Date "2011.02.13"]
[Round "9"]
[White "Dereshki Dario (BUL)"]
[Black "Ninov Dayan (BUL)"]
[Result "0-1"]
[WhiteElo "1914"]
[BlackElo "2140"]

1.d4 d5 2.c4 c6 3.Nf3 Nf6 4.Nc3 dxc4 5.a4 Bf5 6.e3 e6 7.Bxc4 Bb4 8.O-O O-O
9.Qe2 Nbd7 10.e4 Bg6 11.Bd3 c5 12.Na2 Ba5 13.Bg5 Qb6 14.Bxf6 gxf6 15.Bb5 Rfd8
16.dxc5 Qxc5 17.Rac1 Qf8 18.Rfd1 Ne5 19.Nxe5 fxe5 20.h4 Qh6 21.g3 a6 22.Bd3
Rd4 23.Rc4 Bb6 24.b4 Qh5 25.Nc3 Rxc4 26.Bxc4 Bd4 27.g4 Qxh4 28.Rd3 Rc8 29.Kg2
Qg5 30.Rg3 Bxc3 {#R} 0-1

[Event "Ch Russia (1 liga) (w)"]
[Site "masterchessopen.com Ivanovo (Russia)"]
[Date "2011.02.22"]
[Round "2"]
[White "Rassokhina Ekaterina (RUS)"]
[Black "Mirzoeva Elmira (RUS)"]
[Result "0-1"]
[WhiteElo "2064"]
[BlackElo "2215"]

1.d4 d5 2.c4 c6 3.Nf3 Nf6 4.Nc3 dxc4 5.a4 Bf5 6.e3 e6 7.Bxc4 Bb4 8.O-O O-O
9.Qe2 Nbd7 10.e4 Bg6 11.e5 Nd5 12.Nxd5 cxd5 13.Bd3 Rc8 14.Bg5 Be7 15.Bxe7 Qxe7
16.Bxg6 hxg6 17.Qd2 Nb6 18.b3 Rc7 19.Rfc1 Rfc8 20.a5 Rxc1+ 21.Rxc1 Qa3 22.Rc5
Rxc5 23.dxc5 Nd7 24.b4 Nxe5 25.h3 Qxf3 26.a6 bxa6 27.c6 Qe4 28.Qc1 Qc4 29.Qxc4
Nxc4 30.c7 Nd6 {#R} 0-1

[Event "Ch Sweden (team) 2010/11"]
[Site "masterchessopen.com Sweden"]
[Date "2011.03.11"]
[Round "9"]
[White "Jepson Christian (SWE)"]
[Black "Lundvik Jonas (SWE)"]
[Result "1-0"]
[WhiteElo "2392"]
[BlackElo "2208"]

1.d4 d5 2.c4 c6 3.Nf3 Nf6 4.Nc3 dxc4 5.a4 Bf5 6.e3 e6 7.Bxc4 Bb4 8.O-O O-O
9.Qe2 Bg6 10.Ne5 Bh5 11.g4 Bg6 12.h4 Nbd7 13.Nxd7 Qxd7 14.h5 Be4 15.g5 Bxc3
16.gxf6 gxf6 17.bxc3 Kh8 18.f3 Rg8+ 19.Kh1 Bf5 20.Qh2 b5 21.Qh4 Qe7 22.Ba3 Qd8
23.Be2 Bc2 24.axb5 cxb5 25.Rg1 Rg5 26.Rxg5 fxg5 27.Qh2 a6 28.Qe5+ Kg8 29.h6
{#r} 1-0

[Event "Ch Weiz (open)"]
[Site "masterchessopen.com Weiz (Austria)"]
[Date "2011.04.07"]
[Round "1"]
[White "Hafner Robert (AUT)"]
[Black "Rusek Walter (AUT)"]
[Result "1-0"]
[WhiteElo "2091"]
[BlackElo "1820"]

1.d4 d5 2.c4 c6 3.Nf3 Nf6 4.Nc3 dxc4 5.a4 Bf5 6.e3 e6 7.Bxc4 Bb4 8.O-O O-O
9.Qe2 Nbd7 10.e4 Bg6 11.Bd3 Bh5 12.e5 Nd5 13.Nxd5 cxd5 14.h3 Bg6 15.Bxg6 fxg6
16.Be3 Qb6 17.Ng5 Rac8 18.a5 Bxa5 19.Nxe6 Qxe6 20.Rxa5 a6 21.Raa1 Rc6 22.Rac1
Rfc8 23.Rxc6 Rxc6 24.Rc1 Nf8 25.Rxc6 Qxc6 26.f4 a5 27.g4 a4 28.f5 gxf5 29.gxf5
Nd7 30.Qh5 g6 31.Qg5 Qc8 32.fxg6 {#r} 1-0

[Event "Regionalliga SVM 2010/11"]
[Site "masterchessopen.com Germany"]
[Date "2011.04.10"]
[Round "8"]
[White "Krutwig Longlong (GER)"]
[Black "Broehl Stefan (GER)"]
[Result "1-0"]
[WhiteElo "2216"]
[BlackElo "2140"]

1.d4 d5 2.c4 c6 3.Nf3 Nf6 4.Nc3 dxc4 5.a4 Bf5 6.e3 e6 7.Bxc4 Bb4 8.O-O O-O
9.Qe2 Bg6 10.Ne5 Nbd7 11.Nxg6 hxg6 12.Rd1 Qa5 13.Qc2 Nb6 14.Be2 Nbd5 15.Na2
Be7 16.Bd2 Qc7 17.e4 Nb6 18.a5 Nbd7 19.Rac1 Rac8 20.b4 e5 21.Be3 Bd6 22.dxe5
Bxe5 23.g3 Qb8 24.f4 Bc7 25.Bc4 b6 26.Ba6 Rce8 27.Qxc6 Rxe4 28.Rxd7 Nxd7
29.Qxe4 bxa5 30.Qc6 Qe8 31.Bxa7 {#r} 1-0

[Event "It \"]
[Site "masterchessopen.com Werther (Germany)"]
[Date "2011.04.17"]
[Round "7"]
[White "Richter Gerald (BEL)"]
[Black "Hess Christian (GER)"]
[Result "0-1"]
[WhiteElo "2115"]
[BlackElo "2228"]

1.d4 d5 2.c4 c6 3.Nf3 Nf6 4.Nc3 dxc4 5.a4 Bf5 6.e3 e6 7.Bxc4 Bb4 8.O-O O-O
9.Qe2 Nbd7 10.e4 Bg6 11.Bd3 Bh5 12.e5 Nd5 13.Nxd5 cxd5 14.h3 a6 15.g4 Bg6
16.Bxg6 fxg6 17.Ng5 Qe7 18.f4 Rac8 19.Be3 Nb6 20.Rf2 h6 21.Nf3 Nc4 22.Nh2 Kh7
23.Nf1 Qd7 24.Ng3 Be7 25.b3 Nxe3 26.Qxe3 Qc7 27.Raf1 Qc3 28.Rf3 Qxe3+ 29.Rxe3
Bh4 30.Ne2 Rc2 31.Rc1 Rxc1+ 32.Nxc1 Rxf4 {#R} 0-1

[Event "It \"]
[Site "masterchessopen.com Norrkoeping (Sweden)"]
[Date "2011.04.22"]
[Round "2"]
[White "Nizov Anton (SWE)"]
[Black "Blomqvist Erik (SWE)"]
[Result "0-1"]
[WhiteElo "2028"]
[BlackElo "2469"]

1.d4 d5 2.c4 c6 3.Nf3 Nf6 4.Nc3 dxc4 5.a4 Bf5 6.e3 e6 7.Bxc4 Bb4 8.O-O O-O
9.Qe2 Bg6 10.Ne5 Nbd7 11.Nxg6 hxg6 12.Rd1 Qa5 13.Bd2 e5 14.Be1 Rad8 15.Bb3
exd4 16.exd4 Nb6 17.Qf3 Rd7 18.Qf4 Nbd5 19.Qf3 Rfd8 20.Rd3 Ne7 21.Rad1 Qb6
22.Ne4 Ned5 23.Bxb4 Qxb4 24.Nd2 Ne7 25.Nc4 Rxd4 26.Rxd4 Rxd4 27.Ne5 Ned5 28.g3
Re4 29.Nc4 Rxc4 {#R} 0-1

[Event "Ch Valencia (juniors) (under 18)"]
[Site "masterchessopen.com Valencia (Spain)"]
[Date "2011.04.28"]
[Round "3"]
[White "Romero Calduch Sergio (ESP)"]
[Black "Silva Rodriguez Julio (ESP)"]
[Result "0-1"]
[WhiteElo "1889"]
[BlackElo "2109"]

1.d4 d5 2.c4 c6 3.Nc3 dxc4 4.a4 Nf6 5.Nf3 Bf5 6.e3 e6 7.Bxc4 Bb4 8.Qe2 O-O
9.O-O Bg6 10.Ne5 Nbd7 11.Nxd7 Nxd7 12.Rd1 Qe7 13.e4 e5 14.d5 Rfd8 15.Na2 Bc5
16.a5 Qh4 17.Nc3 Bh5 18.Qc2 Bxd1 19.Nxd1 Nf6 20.Nc3 Ng4 21.h3 Nxf2 {#R} 0-1

[Event "Ch Italy (team)"]
[Site "masterchessopen.com Spoleto (Italy)"]
[Date "2011.04.30"]
[Round "5"]
[White "Bruno Fabio (ITA)"]
[Black "Rombaldoni Denis (ITA)"]
[Result "0-1"]
[WhiteElo "2431"]
[BlackElo "2517"]

1.Nf3 d5 2.d4 Nf6 3.c4 c6 4.Nc3 dxc4 5.a4 Bf5 6.e3 e6 7.Bxc4 Bb4 8.O-O O-O
9.Qe2 h6 10.Rd1 Bh7 11.Na2 Be7 12.b4 a5 13.b5 Nbd7 14.Ne5 Nxe5 15.dxe5 Nd7
16.bxc6 bxc6 17.Nc3 Qc7 18.f4 Bb4 19.Bd2 Rfd8 20.Be1 Nc5 21.Rd4 Qb6 22.h3 Rxd4
23.exd4 Nb3 24.Bxb3 Qxd4+ 25.Kh1 Bxc3 26.Rd1 Qb4 27.Bxc3 Qxb3 {#R} 0-1

[Event "It (open) (a)"]
[Site "masterchessopen.com Krakow (Poland)"]
[Date "2011.05.05"]
[Round "5"]
[White "Gbyl Andrzej (POL)"]
[Black "Suliborski Jakub (POL)"]
[Result "1-0"]
[WhiteElo "2247"]
[BlackElo "1970"]

1.d4 d5 2.Nf3 c6 3.c4 Nf6 4.Nc3 dxc4 5.a4 Bf5 6.e3 e6 7.Bxc4 Bb4 8.O-O O-O
9.Qe2 Bg6 10.Ne5 Nbd7 11.Rd1 Qc7 12.Nxg6 hxg6 13.e4 Nb6 14.Bb3 a5 15.e5 Nfd5
16.Ne4 Rad8 17.Qg4 Rfe8 18.Qh4 Be7 19.Bg5 Nc8 20.Rd3 Bxg5 21.Nxg5 Nce7 22.Qh7+
Kf8 23.Qh8+ Ng8 24.Rf3 Rd7 25.Bc2 f5 26.exf6 gxf6 27.Bxg6 Ree7 28.Bf7 {#r} 1-0

[Event "Memorial Kheireddine Ameyar (open)"]
[Site "masterchessopen.com Tipaza (Algeria)"]
[Date "2011.06.25"]
[Round "2"]
[White "Haddad Oussama (ALG)"]
[Black "Savchenko Stanislav (UKR)"]
[Result "0-1"]
[WhiteElo "2054"]
[BlackElo "2502"]

1.d4 d5 2.c4 c6 3.Nf3 Nf6 4.Nc3 dxc4 5.a4 Bf5 6.e3 e6 7.Bxc4 Bb4 8.O-O O-O
9.Qe2 Nbd7 10.e4 Bg4 11.Bd3 e5 12.Be3 Qe7 13.h3 Bxf3 14.Qxf3 exd4 15.Bxd4 Ne5
16.Bxe5 Qxe5 17.Ne2 Rad8 18.Rfd1 Rd7 19.Ng3 Rfd8 20.Rab1 g6 21.b3 Kg7 22.Be2
Bd2 23.Bc4 h5 24.h4 a5 25.Kh1 Rd6 26.Kg1 R6d7 27.Kh1 Ng4 28.Rf1 Rd6 29.Qe2
{#R} 0-1

[Event "Ch Ireland"]
[Site "masterchessopen.com Dublin (Ireland)"]
[Date "2011.07.03"]
[Round "2"]
[White "Short Philip M (IRL)"]
[Black "Josse Mark (ENG)"]
[Result "1-0"]
[WhiteElo "2282"]
[BlackElo "2181"]

1.d4 d5 2.Nf3 Nf6 3.c4 c6 4.Nc3 dxc4 5.a4 Bf5 6.e3 e6 7.Bxc4 Bb4 8.O-O O-O
9.Qe2 Bg4 10.h3 Bh5 11.Rd1 Qa5 12.e4 Bxc3 13.bxc3 Qxc3 14.Bd2 Bxf3 15.gxf3
Qxd4 16.Bb4 Qe5 17.Bxf8 Kxf8 18.Rd8+ Ke7 19.Rad1 Nd5 20.Bxd5 Kxd8 21.Bxe6+ Kc7
22.Qd2 Na6 23.Qd7+ Kb6 24.Rb1+ Kc5 25.Qe7+ {#r} 1-0

[Event "Ch Norway"]
[Site "masterchessopen.com Oslo (Norway)"]
[Date "2011.07.06"]
[Round "5"]
[White "Elsness Frode (NOR)"]
[Black "Hole Oystein (NOR)"]
[Result "1-0"]
[WhiteElo "2491"]
[BlackElo "2387"]

1.d4 d5 2.c4 c6 3.Nf3 Nf6 4.Nc3 dxc4 5.a4 Bf5 6.e3 e6 7.Bxc4 Bb4 8.O-O O-O
9.Qe2 Bg6 10.Ne5 Nbd7 11.Nxg6 hxg6 12.Rd1 Qa5 13.e4 e5 14.d5 Rad8 15.dxc6 bxc6
16.Bg5 Nc5 17.Qf3 Rxd1+ 18.Rxd1 Ncd7 19.Bb3 Nc5 20.Bc2 Bxc3 21.bxc3 Ne6 22.Bc1
Rd8 23.Rxd8+ Qxd8 24.Kf1 Qa5 25.Qd3 Nc5 26.Qc4 Qa6 27.Qxa6 Nxa6 28.Be3 Nd7
29.Bxa7 Nac5 30.a5 Kf8 31.Bxc5+ Nxc5 32.Bd3 {#r} 1-0

[Event "Ch Austria"]
[Site "masterchessopen.com Linz (Austria)"]
[Date "2011.07.23"]
[Round "1"]
[White "Knoll Hermann (AUT)"]
[Black "Rieger Robert (AUT)"]
[Result "1-0"]
[WhiteElo "2364"]
[BlackElo "2167"]

1.d4 d5 2.Nf3 Nf6 3.c4 c6 4.Nc3 dxc4 5.a4 Bf5 6.e3 e6 7.Bxc4 Bb4 8.O-O O-O
9.Qe2 Nbd7 10.e4 Bg6 11.Bd3 c5 12.e5 cxd4 13.exf6 dxc3 14.Bxg6 hxg6 15.fxg7
Re8 16.Rd1 Qe7 17.bxc3 Bxc3 18.Bg5 f6 19.Rac1 Rac8 20.Qb5 Nb6 21.Rxc3 Rxc3
22.Bxf6 Qxf6 23.Qxe8+ Kxg7 24.Re1 Rc6 25.a5 Nd5 26.Qd7+ Qe7 27.Qxd5 {#r} 1-0

[Event "Ch NATO"]
[Site "masterchessopen.com Kaunas (Lithuania)"]
[Date "2011.08.11"]
[Round "6"]
[White "Lutz Bernhard (GER)"]
[Black "Wagenaar Harm Theo (NED)"]
[Result "1-0"]
[WhiteElo "2307"]
[BlackElo "2052"]

1.d4 d5 2.c4 c6 3.Nf3 Nf6 4.Nc3 dxc4 5.a4 Bf5 6.e3 e6 7.Bxc4 Bb4 8.O-O O-O
9.Qe2 Bg4 10.Rd1 Qa5 11.Bd2 Qh5 12.h3 Bxf3 13.Qxf3 Qxf3 14.gxf3 a5 15.Ne2 Bxd2
16.Rxd2 Na6 17.Nf4 Nb4 18.Nd3 Nxd3 19.Rxd3 Nd5 20.Bxd5 exd5 21.Rb3 Ra7 22.Rb6
f5 23.Kg2 Re8 24.Kg3 Kf7 25.Ra3 Re7 26.Rab3 g6 27.h4 Kf6 28.R3b5 Kf7 29.Rc5
Ra8 30.Kf4 Kf6 31.Rxd5 h6 32.Rd6+ {#r} 1-0

[Event "Ch Europe (for the Blind)"]
[Site "masterchessopen.com Rhodes (Greece)"]
[Date "2011.09.07"]
[Round "2"]
[White "Heinich Manfred (GER)"]
[Black "Stachanczyk Jacek (POL)"]
[Result "0-1"]
[WhiteElo "2079"]
[BlackElo "2328"]

1.d4 d5 2.c4 c6 3.Nf3 Nf6 4.Nc3 dxc4 5.a4 Bf5 6.e3 e6 7.Bxc4 Bb4 8.O-O O-O
9.Qe2 Bg4 10.Rd1 Qa5 11.Bd2 Qh5 12.e4 e5 13.dxe5 Nfd7 14.Bf4 Nxe5 15.Bxe5 Bxf3
16.Qxf3 Qxe5 17.Rd3 Bxc3 18.Rxc3 Rd8 {#R} 0-1

[Event "It (open) (amateurs)"]
[Site "masterchessopen.com Calvia (Spain)"]
[Date "2011.10.10"]
[Round "3"]
[White "Matthiesen Martin (DEN)"]
[Black "Zalba Esteban Peio (ESP)"]
[Result "1-0"]
[WhiteElo "2277"]
[BlackElo "1975"]

1.d4 d5 2.c4 c6 3.Nf3 Nf6 4.Nc3 dxc4 5.a4 Bf5 6.e3 e6 7.Bxc4 Bb4 8.O-O O-O
9.Qe2 Ne4 10.Na2 Bd6 11.Bd3 Ng5 12.Nd2 Bxd3 13.Qxd3 h6 14.Nc4 Be7 15.Qb3 b6
16.Nc3 c5 17.Rd1 cxd4 18.exd4 Na6 19.d5 Nc5 20.Qc2 exd5 21.Nxd5 {#r} 1-0

[Event "Cup Wroclav (open)"]
[Site "masterchessopen.com Wroclaw (Poland)"]
[Date "2011.10.28"]
[Round "1"]
[White "Stachowiak Kamil (POL)"]
[Black "Khamidov Komil (POL)"]
[Result "1-0"]
[WhiteElo "2417"]
[BlackElo "2056"]

1.d4 d5 2.Nf3 Nf6 3.c4 c6 4.Nc3 dxc4 5.a4 Bf5 6.e3 e6 7.Bxc4 Bb4 8.O-O O-O
9.Qe2 Bg6 10.Ne5 Nbd7 11.Nxg6 hxg6 12.Rd1 Qe7 13.e4 Nb6 14.Bb3 c5 15.dxc5 Qxc5
16.a5 Nbd7 17.Bf4 e5 18.Be3 Qe7 19.Nd5 Nxd5 20.Rxd5 Nf6 21.Rb5 a6 22.Rb6 Rfd8
23.Bxf7+ Kh7 24.Bb3 Rac8 25.Qf3 Bd2 26.Bxd2 {#r} 1-0

[Event "It (open)"]
[Site "masterchessopen.com Brno (Czech Republic)"]
[Date "2011.11.17"]
[Round "7"]
[White "Pokorny Petr (CZE)"]
[Black "Khamidov Komil (POL)"]
[Result "1-0"]
[WhiteElo "2233"]
[BlackElo "2056"]

1.d4 d5 2.c4 c6 3.Nf3 Nf6 4.Nc3 dxc4 5.a4 Bf5 6.e3 e6 7.Bxc4 Bb4 8.O-O O-O
9.Qe2 Nbd7 10.e4 Bg6 11.Bd3 Bh5 12.e5 Nd5 13.Nxd5 cxd5 14.Qe3 Bg6 15.Bxg6 fxg6
16.Bd2 Be7 17.Rfc1 a6 18.Qb3 b5 19.Rc6 Re8 20.Rxe6 Nb8 21.axb5 Kf7 22.Rd6 Bxd6
23.Qxd5+ {#r} 1-0